000 00478cam a22001577a 4500
008 180718b2007 xxu||||| |||| 00| 0 eng d
020 _a8125035095
082 _aA6x54 M527
100 _aMenon, Nivedita
245 _aPower and contestation: India since 1989
_cby Nivedita Menon and Aditya Nigam
260 _aHyderabad
_bOrient Longman
_c2007
300 _a219p.
650 _aIndia - Foreign relations
650 _aIndia - Politics and government
700 _aNigam, Aditya
999 _c407562
_d407562